Physical education and health education as a part of all general teacher-traning curricula, (Record no. 21238)

MARC details
000 -LEADER
fixed length control field 00953cam a22002411 4500
001 - CONTROL NUMBER
control field e 32000433
003 - CONTROL NUMBER IDENTIFIER
control field DLC
005 - DATE AND TIME OF LATEST TRANSACTION
control field 20260227111222.0
008 - FIXED-LENGTH DATA ELEMENTS--GENERAL INFORMATION
fixed length control field 810403s1932 dcu f000 0 eng c
010 ## - LIBRARY OF CONGRESS CONTROL NUMBER
LC control number e 32000433
035 ## - SYSTEM CONTROL NUMBER
System control number (OCoLC)7303825
040 ## - CATALOGING SOURCE
Original cataloging agency Library. U.S. Office of Education
Transcribing agency MChB
Modifying agency DLC
042 ## - AUTHENTICATION CODE
Authentication code premarc
043 ## - GEOGRAPHIC AREA CODE
Geographic area code n-us---
050 00 - LIBRARY OF CONGRESS CALL NUMBER
Classification number L111
Item number .A6 1932 no. 10
100 1# - MAIN ENTRY--PERSONAL NAME
Personal name Ready, Marie M.
Fuller form of name (Marie Margaret)
245 10 - TITLE STATEMENT
Title Physical education and health education as a part of all general teacher-traning curricula,
Statement of responsibility, etc. by Marie M. Ready, associate specialist in recreation, Office of education. United States Department of the interior. Office of education.
260 ## - PUBLICATION, DISTRIBUTION, ETC.
Place of publication, distribution, etc. Washington,
Name of publisher, distributor, etc. U.S. Govt. Print. Off.,
Date of publication, distribution, etc. 1932.
300 ## - PHYSICAL DESCRIPTION
Extent v, 47 p.
Dimensions 23 cm.
490 0# - SERIES STATEMENT
Series statement U.S. Office of Education. Bulletin
Volume/sequential designation no. 10
650 #0 - SUBJECT ADDED ENTRY--TOPICAL TERM
Topical term or geographic name entry element Physical education and training
Geographic subdivision United States.
650 #0 - SUBJECT ADDED ENTRY--TOPICAL TERM
Topical term or geographic name entry element Teachers
General subdivision Training of
Geographic subdivision United States.

No items available.

Powered by Koha